书目信息 |
| 题名: |
成人二语习得中的僵化现象
|
|
| 作者: | 韩照红 著 | |
| 分册: | ||
| 出版信息: | 北京 外语教学与研究出版社 2008.08 |
|
| 页数: | 201页 | |
| 开本: | 22cm | |
| 丛书名: | 当代国外语言学与应用语言学文库 | |
| 单 册: | ||
| 中图分类: | H003 | |
| 科图分类: | ||
| 主题词: | 第二语言--研究 | |
| 电子资源: | ||
| ISBN: | 978-7-5600-7736-9 | |
| 000 | 00908nam0 2200253 450 | |
| 001 | 1159923094 | |
| 005 | 20110829170407.78 | |
| 010 | @a978-7-5600-7736-9@dCNY23.90 | |
| 100 | @a20110829d2008 km y0chiy0120 ea | |
| 101 | 0 | @achi |
| 102 | @aCN@b110000 | |
| 106 | @ar | |
| 200 | 1 | @a成人二语习得中的僵化现象@Acheng ren er yu xi de zhong de jiang hua xian xiang@f韩照红著@Fhan zhao hong zhu |
| 210 | @a北京@c外语教学与研究出版社@d2008.08 | |
| 215 | @a201页@d22cm | |
| 225 | 2 | @a当代国外语言学与应用语言学文库 |
| 330 | @a《成人二语习得中的僵化现象》所谓僵化,是指在语言学习过程中,不正确的语言特征永久性地留在学习者的中介语中,成为学习者理解或产出语言的一种方式。它是二语习得中的一种常见现象。 | |
| 410 | 0 | @12001 @a当代国外语言学与应用语言学文库 |
| 586 | @a | |
| 606 | 0 | @a第二语言@x研究 |
| 690 | @aH003@v5 | |
| 701 | 0 | @a韩照红@Ahan zhao hong@4著 |
| 801 | 0 | @aCN@c20110610 |
| 905 | @dH003@eH100@f3 | |
| 成人二语习得中的僵化现象/韩照红著.-北京:外语教学与研究出版社,2008.08 |
| 201页;22cm.-(当代国外语言学与应用语言学文库) |
| ISBN 978-7-5600-7736-9:CNY23.90 |
| 《成人二语习得中的僵化现象》所谓僵化,是指在语言学习过程中,不正确的语言特征永久性地留在学习者的中介语中,成为学习者理解或产出语言的一种方式。它是二语习得中的一种常见现象。 |
| ● |
| 相关链接 |
|
|
|
正题名:成人二语习得中的僵化现象
索取号:H003/H100
 
预约/预借
| 序号 | 登录号 | 条形码 | 馆藏地/架位号 | 状态 | 备注 |
| 1 | 888725 | 208887258 | 语言库209/209语言库 62排4列1层/ [索取号:H003/H100] | 在馆 | |
| 2 | 888726 | 208887267 | 语言库209/209语言库 62排4列1层/ [索取号:H003/H100] | 在馆 | |
| 3 | 888727 | 208887276 | 语言库209/209语言库 62排4列1层/ [索取号:H003/H100] | 在馆 |